<?xml version="1.0" encoding="UTF-8"?>
<collection xmlns="http://www.loc.gov/MARC21/slim">
 <record>
  <leader>00711nam a22001935a 4500</leader>
  <controlfield tag="001">EHU.bham040688</controlfield>
  <controlfield tag="008">130507s2009##################000#0#####d</controlfield>
  <controlfield tag="005">20221004074523.0</controlfield>
  <datafield tag="245" ind1="1" ind2="0">
   <subfield code="a">Monte Hermoso :</subfield>
   <subfield code="b">del país del diablo a la autonomía /</subfield>
   <subfield code="c">Nicolás Ciarniello y María E. Fernández de Franceschini.</subfield>
  </datafield>
  <datafield tag="260" ind1=" " ind2=" ">
   <subfield code="a">Bahía Blanca :</subfield>
   <subfield code="b">Casa del Puente,</subfield>
   <subfield code="c">2009</subfield>
  </datafield>
  <datafield tag="300" ind1=" " ind2=" ">
   <subfield code="a">143 p.</subfield>
  </datafield>
  <datafield tag="020" ind1=" " ind2=" ">
   <subfield code="a">9789872506100</subfield>
  </datafield>
  <datafield tag="100" ind1="1" ind2=" ">
   <subfield code="a">Ciarniello, Nicolás</subfield>
  </datafield>
  <datafield tag="700" ind1="1" ind2=" ">
   <subfield code="a">Fernández de Franceschini, María E.</subfield>
  </datafield>
  <datafield tag="082" ind1="9" ind2="8">
   <subfield code="a">982.12 C341</subfield>
  </datafield>
  <datafield tag="653" ind1=" " ind2=" ">
   <subfield code="a">Monte Hermoso-historia de</subfield>
  </datafield>
  <datafield tag="653" ind1=" " ind2=" ">
   <subfield code="a">Historia argentina-Monte Hermoso</subfield>
  </datafield>
  <datafield tag="653" ind1=" " ind2=" ">
   <subfield code="a">Argentina-historia regional</subfield>
  </datafield>
  <datafield tag="859" ind1=" " ind2=" ">
   <subfield code="a">AR-BHAM</subfield>
   <subfield code="b">BIB. HUMANIDADES - General</subfield>
   <subfield code="h">982.12</subfield>
   <subfield code="i">C341</subfield>
   <subfield code="p">671.09</subfield>
   <subfield code="t">Ej.1</subfield>
  </datafield>
 </record>
</collection>
